Giáo trình giải tích hàm
Nội dung sách giới thiệu những kết quả liên quan tới không gian Banach; ba nguyên lí cơ bản của giải tích hàm; nội dung của toán tử trong không gian Banach.
Αποθηκεύτηκε σε:
| Κύριος συγγραφέας: | |
|---|---|
| Μορφή: | Βιβλίο |
| Γλώσσα: | Undetermined |
| Έκδοση: |
Hà Nội
Nxb. Đại học Sư phạm
2012
|
| Θέματα: | |
| Ετικέτες: |
Προσθήκη ετικέτας
Δεν υπάρχουν, Καταχωρήστε ετικέτα πρώτοι!
|
| Thư viện lưu trữ: | Trung tâm Học liệu Trường Đại học Cần Thơ |
|---|
| LEADER | 00816nam a2200205Ia 4500 | ||
|---|---|---|---|
| 001 | CTU_202373 | ||
| 008 | 210402s9999 xx 000 0 und d | ||
| 020 | |c 35000 | ||
| 082 | |a 515.7 | ||
| 082 | |b Kh507 | ||
| 100 | |a Nguyễn, Văn Khuê | ||
| 245 | 0 | |a Giáo trình giải tích hàm | |
| 245 | 0 | |c Nguyễn Văn Khuê, Lê Mậu Hải | |
| 260 | |a Hà Nội | ||
| 260 | |b Nxb. Đại học Sư phạm | ||
| 260 | |c 2012 | ||
| 520 | |a Nội dung sách giới thiệu những kết quả liên quan tới không gian Banach; ba nguyên lí cơ bản của giải tích hàm; nội dung của toán tử trong không gian Banach. | ||
| 650 | |a Giải tích hàm,Functional analysis | ||
| 904 | |i Tuyến | ||
| 980 | |a Trung tâm Học liệu Trường Đại học Cần Thơ | ||